Oasis of peace.

Reem Nashef is an Arab, Hezzi Schouster a Jew; they live in Israel and are co-teachers at a remarkable school. Its name is Neve Shalom in Hebrew, Wahat al-Salam in Arabic, Oasis of Peace in English. It's the oldest of only four schools in the whole of the country where Jewish and Palestinian ch...

Full description

Bibliographic Details
Corporate Author: Available Light (Firm) (Producer)
Format: Video
Language:English
Language Notes:This edition in English.
Published: [London] : Teachers TV/UK Dept. of Education, 2007.
Series:Education in video
Inspirations ; 1
Subjects:
Online Access:Connect to this streaming video (Alexander Street Press)

MARC

Tag First Indicator Second Indicator Subfields
LEADER 00000cgm a2200000Ma 4500
001 in00005548413
006 m o c
007 cr |n|---||a|a
007 vz |zazu|
008 120229s2007 enk027 o vleng d
005 20241201230400.5
035 |a (OCoLC)ocn815780188 
040 |a ALSTP  |b eng  |e pn  |c ALSTP  |d OCLCO  |d OCLCQ  |d OCLCF  |d OCLCQ  |d OCLCO  |d VZF  |d OCLCQ  |d OCLCO  |d OCLCA  |d OCLCQ  |d MNI  |d OCLCA  |d INT  |d OCLCQ  |d WYU  |d OCLCO  |d OCLCQ  |d OCLCL 
035 |a (OCoLC)815780188 
043 |a a-is---  |a e-uk--- 
050 4 |a PN1200eb 
082 0 4 |a 956.048  |q OCoLC 
049 |a TXAM 
245 0 0 |a Oasis of peace. 
260 |a [London] :  |b Teachers TV/UK Dept. of Education,  |c 2007. 
300 |a 1 online resource (27 min.). 
336 |a two-dimensional moving image  |b tdi  |2 rdacontent 
337 |a computer  |b c  |2 rdamedia 
338 |a online resource  |b cr  |2 rdacarrier 
344 |a digital  |2 rda 
347 |a data file  |2 rda 
380 |a Videorecording 
490 0 |a Education in video 
490 0 |a Inspirations ;  |v 1 
500 |a Title from resource description page (viewed Mar. 5, 2012). 
520 |a Reem Nashef is an Arab, Hezzi Schouster a Jew; they live in Israel and are co-teachers at a remarkable school. Its name is Neve Shalom in Hebrew, Wahat al-Salam in Arabic, Oasis of Peace in English. It's the oldest of only four schools in the whole of the country where Jewish and Palestinian children are taught together in their own language. The programme follows Reem and Hezzi and their grade 5 students through a busy week. During that week we see the two teachers working in two languages, translating each other for the children; and hear from them about the joys and frustrations of working in the Oasis of Peace. 
546 |a This edition in English. 
650 0 |a Jewish-Arab relations. 
650 0 |a Education  |z Israel. 
650 0 |a Multicultural education  |z Great Britain. 
650 6 |a Relations judéo-arabes. 
650 6 |a Éducation interculturelle  |z Grande-Bretagne. 
650 7 |a Education.  |2 fast  |0 (OCoLC)fst00902499 
650 7 |a Jewish-Arab relations.  |2 fast  |0 (OCoLC)fst00983106 
650 7 |a Multicultural education.  |2 fast  |0 (OCoLC)fst01028816 
651 7 |a Great Britain.  |2 fast  |0 (OCoLC)fst01204623  |1 https://id.oclc.org/worldcat/entity/E39PBJdmp7p3cx8hpmJ8HvmTpP 
651 7 |a Israel.  |2 fast  |0 (OCoLC)fst01204236  |1 https://id.oclc.org/worldcat/entity/E39PBJdgWx83Xb7cjjrMXBJYyd 
655 4 |a Alexander Street Video. 
655 7 |a Instructional television programs.  |2 fast  |0 (OCoLC)fst01726126 
655 7 |a Instructional television programs.  |2 lcgft 
655 7 |a Émissions pédagogiques télévisées.  |2 rvmgf 
710 2 |a Available Light (Firm)  |4 pro 
758 |i has work:  |a Oasis of peace (MovingImage)  |1 https://id.oclc.org/worldcat/entity/E39PCGk6PfYDRvwKjqGqwxqB4C  |4 https://id.oclc.org/worldcat/ontology/hasWork 
776 0 8 |i Print version:  |t Oasis of peace.  |d [London] : Teachers TV/UK Dept. of Education, 2007 publisher catalog number  |o C/1597/001 
856 4 0 |u http://proxy.library.tamu.edu/login?url=https://www.aspresolver.com/aspresolver.asp?AVN2;1783478  |z Connect to this streaming video (Alexander Street Press)  |t 0 
955 |a Alexander Street Press subscription streaming video 
994 |a 92  |b TXA 
999 f f |s a91d8d77-d026-4e97-8610-c9ec8a396855  |i be9f258d-38ac-4848-b023-fa5aa67a6c72  |t 0 
952 f f |a Texas A&M University  |b College Station  |c Electronic Resources  |d Available Online  |t 0  |e PN1200eb   |h Library of Congress classification 
998 f f |a PN1200eb   |t 0  |l Available Online